Statistics In Musicology (Record no. 317469)

MARC details
000 -LEADER
fixed length control field 00379nam a2200145Ia 4500
008 - FIXED-LENGTH DATA ELEMENTS--GENERAL INFORMATION
fixed length control field 230718s9999 xx 000 0 und d
041 ## - LANGUAGE CODE
Language code of text/sound track or separate title eng
082 ## - DEWEY DECIMAL CLASSIFICATION NUMBER
Classification number 781.2
Item number BER
100 ## - MAIN ENTRY--PERSONAL NAME
Personal name Beran J.
9 (RLIN) 162723
245 ## - TITLE STATEMENT
Title Statistics In Musicology
260 ## - PUBLICATION, DISTRIBUTION, ETC. (IMPRINT)
Name of publisher, distributor, etc. Chapman And Hall
365 ## - TRADE PRICE
Currency code Rs.
Price amount 4648.54
700 ## - ADDED ENTRY--PERSONAL NAME
Personal name Beran J.
9 (RLIN) 162723
906 ## - LOCAL DATA ELEMENT F, LDF (RLIN)
d B:107080079803-Oct-2007
c IT
b 929.708
Holdings
Withdrawn status Lost status Damaged status Not for loan Home library Current library Date acquired Vendor Budget Code Cost, normal purchase price Bill number Total Checkouts Full call number Barcode Date last seen Discount Cost, replacement price Bill Date Koha item type Original Barcode
        Cummins College of Engineering for Women Pune Cummins College of Engineering for Women Pune 15/10/2007 Varma Book Distributors IT 3718.83 1070800798   781.2 CCEP-BK-28676 18/07/2023 929.708 4648.54 03/10/2007 Books 028676